<?xml version="1.0" encoding="UTF-8"?>
<collection xmlns="http://www.loc.gov/MARC21/slim">
  <record>
    <leader>00000nam  2200000   4500</leader>
    <controlfield tag="001">INLIS000000000000622</controlfield>
    <controlfield tag="005">20180724135602</controlfield>
    <controlfield tag="008">180724|||||||||   |   |||   |||| ||   | </controlfield>
    <datafield tag="035" ind1=" " ind2=" ">
      <subfield code="0">010-0718000622</subfield>
    </datafield>
    <datafield tag="041" ind1=" " ind2=" ">
      <subfield code="a">id</subfield>
    </datafield>
    <datafield tag="082" ind1=" " ind2=" ">
      <subfield code="a">007</subfield>
    </datafield>
    <datafield tag="090" ind1=" " ind2=" ">
      <subfield code="a">R.007 PIM I 2015</subfield>
    </datafield>
    <datafield tag="100" ind1=" " ind2=" ">
      <subfield code="a">Limpo, Irman Yasin</subfield>
    </datafield>
    <datafield tag="245" ind1=" " ind2=" ">
      <subfield code="a">Implementasi indeks pembangunan aparatur sipil negara (IPASN) dalam mewujudkan aparatur sipil negara yang profesional dan kompeten</subfield>
    </datafield>
    <datafield tag="260" ind1=" " ind2=" ">
      <subfield code="a">Jakarta</subfield>
      <subfield code="b">LAN Jakarta</subfield>
      <subfield code="c">2015</subfield>
    </datafield>
    <datafield tag="300" ind1=" " ind2=" ">
      <subfield code="a">45 hlm.</subfield>
    </datafield>
    <datafield tag="500" ind1=" " ind2=" ">
      <subfield code="a">Dalam rangka mejawab kebutuhan untuk mencitakan sosok ASN yang professional, berkompeten dan beretika ini, khususnya dalam mewujudkan visi Pemerintah Provinsi Sulawesi Selatan, salah satu persoalan mendasar di Provinsi Sulawesi Selatan, adalah tidak adanya parameter yang jelas dapat digunakan sebagai ukuran resmi dan baku untuk melihat perkembangan pembangunan aparatur tersebut khususnya yang berangkat pada level organisasi . Proyek Perubahan ini berusaha memberikan solusi melalui Implementasi IPASN dengan melakukan pilot project pada 3 (tiga) SKPD lingkup Pemprov. Sulsel sebagai tujuan jangka pendek yang diharapkan.</subfield>
    </datafield>
    <datafield tag="650" ind1=" " ind2=" ">
      <subfield code="a">Aparatur Sipil Negara</subfield>
    </datafield>
  </record>
</collection>
